000 02108cam a2200265 a 4500
999 _c4195
_d4195
001 15772049
003 OSt
005 20250124093329.0
008 090611s2009 nju b 001 0 eng
010 _a 2009023406
020 _a9781118011577
040 _aDLC
_cDLC
_dDLC
_dKH8
043 _an-us---
082 0 0 _a332.015 STA
100 1 _aStanley, Thomas J.
_eauthor.
245 1 0 _aStop acting rich :
_b--and start living like a real millionaire /
_cThomas J. Stanley.
260 _aHoboken, N.J. :
_bWiley,
_cc2009.
300 _axiv, 274 p. ;
_c24 cm.
504 _aIncludes bibliographical references (p. [251]-255) and index.
520 _a"A leading expert on the affluent reveals the real way to build wealth With well over two million of his books sold, and huge praise from many media outlets, Dr. Thomas J. Stanley is a recognized and highly respected authority on the wealthy, their behavior, and their thinking. Now, in Stop Acting Rich, he details how the less affluent have fallen into the elite luxury brand trap that keeps them from truly acquiring wealth and details how to get out of it by emulating the working rich as opposed to the super elite. A defensive strategy for tough times, Stop Acting Rich will show you how to live like Warren Buffett-a rich, happy life-through accumulating more wealth and using it to achieve the type of financial freedom that will create true happiness and fulfillment. Puts wealth in perspective and shows you how to live rich without spending more Details why we spend lavishly and how to stop this destructive cycle Discusses how being "rich" means more than just big houses and luxury cars Other titles by Stanley: The Millionaire Mind and The Millionaire Next Door It's time to understand why we buy what we buy, so that we can start accumulating, rather than depleting, wealth. Stop Acting Rich shows you exactly what it takes to achieve this elusive goal"--Provided by publisher.
650 0 _aWealth
_zUnited States.
650 0 _aRich people
_zUnited States.
650 0 _aFinance, Personal
_zUnited States.
942 _2ddc
_cNFIC